| 000 | 01776nam a2200421 a 4500 | ||
|---|---|---|---|
| 001 | ebr10240620 | ||
| 003 | CaPaEBR | ||
| 006 | m u | ||
| 007 | cr cn||||||||| | ||
| 008 | 071005s2008 enk sb 001 0 eng | ||
| 010 | _z 2007041407 | ||
| 015 |
_aGBA848358 _2bnb |
||
| 016 | 7 |
_z014567219 _2Uk |
|
| 020 | _z9780754672722 (hardback : alk. paper) | ||
| 020 | _z0754672727 (hardback : alk. paper) | ||
| 040 |
_aCaPaEBR _cCaPaEBR |
||
| 035 | _a(OCoLC)471128771 | ||
| 043 |
_an-us--- _aa-cc--- |
||
| 050 | 1 | 4 |
_aE183.8.C5 _bK64 2008eb |
| 082 | 0 | 4 |
_a327.73051 _222 |
| 100 | 1 | _aKomine, Yukinori. | |
| 245 | 1 | 0 |
_aSecrecy in US foreign policy _h[electronic resource] : _bNixon, Kissinger and the rapprochement with China / _cYukinori Komine. |
| 260 |
_aAldershot, England ; _aBurlington, VT : _bAshgate Pub., _cc2008. |
||
| 300 | _ax, 287 p. | ||
| 504 | _aIncludes bibliographical references (p. [255]-277) and index. | ||
| 533 |
_aElectronic reproduction. _bPalo Alto, Calif. : _cebrary, _d2013. _nAvailable via World Wide Web. _nAccess may be limited to ebrary affiliated libraries. |
||
| 600 | 1 | 0 |
_aNixon, Richard M. _q(Richard Milhous), _d1913-1994. |
| 600 | 1 | 0 |
_aKissinger, Henry, _d1923- |
| 650 | 0 |
_aExecutive privilege (Government information) _zUnited States. |
|
| 650 | 0 |
_aOfficial secrets _zUnited States. |
|
| 651 | 0 |
_aUnited States _xForeign relations _zChina. |
|
| 651 | 0 |
_aChina _xForeign relations _zUnited States. |
|
| 651 | 0 |
_aUnited States _xForeign relations _y1969-1974. |
|
| 651 | 0 |
_aUnited States _xForeign relations _xDecision making. |
|
| 655 | 7 |
_aElectronic books. _2local |
|
| 710 | 2 | _aebrary, Inc. | |
| 856 | 4 | 0 |
_uhttp://site.ebrary.com/lib/rucke/Doc?id=10240620 _zAn electronic book accessible through the World Wide Web; click to view |
| 999 |
_c36570 _d36570 |
||